书目信息 |
| 题名: |
建筑材料与预算
|
|
| 作者: | 王平 主编 | |
| 分册: | ||
| 出版信息: | 西安 西安电子科技大学出版社 2014.7 |
|
| 页数: | 107页 | |
| 开本: | 23cm | |
| 丛书名: | 建筑装饰设计“十二五”规划系列丛书 | |
| 单 册: | ||
| 中图分类: | TU723.3 | |
| 科图分类: | ||
| 主题词: | 建筑材料--建筑预算定额 | |
| 电子资源: | ||
| ISBN: | 978-7-5606-3417-3 | |
| 000 | 01106nam0 2200277 450 | |
| 001 | 008177557 | |
| 005 | 20160803101428.0 | |
| 010 | @a978-7-5606-3417-3@dCNY20.00 | |
| 090 | @aTU723@bwp | |
| 096 | @aTU723@bwp | |
| 100 | @a20151225d2015 em y0chiy0120 ea | |
| 101 | 0 | @achi |
| 102 | @aCN@b610000 | |
| 105 | @aa z 000yy | |
| 106 | @ar | |
| 200 | 1 | @a建筑材料与预算@b专著@f王平主编@9jian zhu cai liao yu yu suan |
| 210 | @a西安@c西安电子科技大学出版社@d2014.7 | |
| 215 | @a107页@c图@d23cm@e1光盘 | |
| 225 | 1 | @a建筑装饰设计“十二五”规划系列丛书 |
| 307 | @a附光盘:ISBN 978-7-900772-49-7 | |
| 330 | @a本书共分三个单元,包括七个工作任务。单元一以单身公寓为例,介绍小户型房屋的预算,同时还介绍了地板的分类、工艺特点以及制作衣柜的材料;单元二以标准两居室户型为例,介绍中等户型的预防方法,以及大白材料、常见的壁纸分类、制作电视背景墙的材料等内容;单元三以三房两厅户型为例,介绍大户型的预算,以及门的分类、欧式风格装修、装修验收标准等内容。 | |
| 606 | 0 | @a建筑材料@x建筑预算定额 |
| 690 | @aTU723.3@v5 | |
| 701 | 0 | @a王平@4主编@9wang ping |
| 801 | @b人天书店 | |
| 905 | @aTSG@dTU723.3@eW302@f3 | |
| 建筑材料与预算/王平主编.-西安:西安电子科技大学出版社,2014.7 |
| 107页:图;23cm+1光盘.-(建筑装饰设计“十二五”规划系列丛书) |
| ISBN 978-7-5606-3417-3:CNY20.00 |
| 本书共分三个单元,包括七个工作任务。单元一以单身公寓为例,介绍小户型房屋的预算,同时还介绍了地板的分类、工艺特点以及制作衣柜的材料;单元二以标准两居室户型为例,介绍中等户型的预防方法,以及大白材料、常见的壁纸分类、制作电视背景墙的材料等内容;单元三以三房两厅户型为例,介绍大户型的预算,以及门的分类、欧式风格装修、装修验收标准等内容。 |
| ● |
| 相关链接 |
|
|
|
正题名:建筑材料与预算
索取号:TU723.3/W302
 
预约/预借
| 序号 | 登录号 | 条形码 | 馆藏地/架位号 | 状态 | 备注 |
| 1 | 1549858 | 215498584 | 建筑库201/201建筑库 37排3列3层/ [索取号:TU723.3/W302] | 在馆 | |
| 2 | 1549859 | 215498593 | 建筑库201/201建筑库 37排3列3层/ [索取号:TU723.3/W302] | 在馆 | |
| 3 | 1549860 | 215498600 | 建筑库201/201建筑库 37排3列3层/ [索取号:TU723.3/W302] | 在馆 |